| 000 | 00721nam a22002055i 4500 | ||
|---|---|---|---|
| 001 | 164761 | ||
| 003 | ES-MaACL | ||
| 005 | 20240424091328.0 | ||
| 008 | 050805s1889 sp | |||||||| ||spa d | ||
| 040 |
_aCAM _bspa _cCAM |
||
| 100 | 1 |
_aSantos Barrios, Manuel de los. _9132449 |
|
| 245 | 1 | 0 |
_aPasatiempos _b: colección de composiciones en verso / _cSantos Barrios. |
| 260 |
_aMadrid : _b[s.n.], _c1889 ( _fImprenta de Fortanet) |
||
| 300 |
_a216 p. ; _c19 cm. |
||
| 650 | 4 |
_aPoesía española- _yS.XIX _916217 |
|
| 700 | 1 |
_aFortanet, Tomás. _9127118 |
|
| 752 |
_aEspaña - _dMadrid |
||
| 852 |
_aES-MaACL _jG-7317 _z-- Enc. pasta española _z-- An. ms.: ded. del autor al Ateneo de Madrid |
||
| 999 |
_c164761 _d164761 |
||